<?xml version="1.0" encoding="UTF-8"?>
<record
    xmlns:xsi="http://www.w3.org/2001/XMLSchema-instance"
    xsi:schemaLocation="http://www.loc.gov/MARC21/slim http://www.loc.gov/standards/marcxml/schema/MARC21slim.xsd"
    xmlns="http://www.loc.gov/MARC21/slim">

  <leader>00508nam a2200193Ia 4500</leader>
  <controlfield tag="008">230125s9999    xx            000 0 und d</controlfield>
  <datafield tag="020" ind1=" " ind2=" ">
    <subfield code="a">978-93-5262-504-8</subfield>
  </datafield>
  <datafield tag="041" ind1=" " ind2=" ">
    <subfield code="a">eng</subfield>
  </datafield>
  <datafield tag="082" ind1=" " ind2=" ">
    <subfield code="a">174.4</subfield>
    <subfield code="b">AGA/CHA</subfield>
  </datafield>
  <datafield tag="100" ind1=" " ind2=" ">
    <subfield code="a">Agarwal T</subfield>
    <subfield code="9">118552</subfield>
  </datafield>
  <datafield tag="245" ind1=" " ind2=" ">
    <subfield code="a">Indian Ethos in Management</subfield>
  </datafield>
  <datafield tag="250" ind1=" " ind2=" ">
    <subfield code="a">2nd Ed.</subfield>
  </datafield>
  <datafield tag="260" ind1=" " ind2=" ">
    <subfield code="c">2017</subfield>
    <subfield code="b">Himalaya Publishing House</subfield>
    <subfield code="a">Mumbai</subfield>
  </datafield>
  <datafield tag="300" ind1=" " ind2=" ">
    <subfield code="a">124p</subfield>
  </datafield>
  <datafield tag="700" ind1=" " ind2=" ">
    <subfield code="a">Agarwal T &amp; Chandorkar N</subfield>
    <subfield code="9">118553</subfield>
  </datafield>
  <datafield tag="906" ind1=" " ind2=" ">
    <subfield code="b">26.25</subfield>
  </datafield>
  <datafield tag="999" ind1=" " ind2=" ">
    <subfield code="c">96625</subfield>
    <subfield code="d">96625</subfield>
  </datafield>
  <datafield tag="500" ind1=" " ind2=" ">
    <subfield code="a">Business Ethics</subfield>
  </datafield>
  <datafield tag="952" ind1=" " ind2=" ">
    <subfield code="0">0</subfield>
    <subfield code="1">0</subfield>
    <subfield code="4">0</subfield>
    <subfield code="7">0</subfield>
    <subfield code="a">HIMR</subfield>
    <subfield code="b">HIMR</subfield>
    <subfield code="d">2021-03-12</subfield>
    <subfield code="e">Forward Books</subfield>
    <subfield code="g">105.00</subfield>
    <subfield code="i">11378</subfield>
    <subfield code="l">0</subfield>
    <subfield code="o">174.4 AGA/CHA B21336</subfield>
    <subfield code="p">HIMR-BK-21336</subfield>
    <subfield code="r">2023-01-25 00:00:00</subfield>
    <subfield code="v">78.75</subfield>
    <subfield code="w">2021-03-12</subfield>
    <subfield code="y">BK</subfield>
    <subfield code="z">B21336</subfield>
  </datafield>
  <datafield tag="952" ind1=" " ind2=" ">
    <subfield code="0">0</subfield>
    <subfield code="1">0</subfield>
    <subfield code="4">0</subfield>
    <subfield code="7">0</subfield>
    <subfield code="a">HIMR</subfield>
    <subfield code="b">HIMR</subfield>
    <subfield code="d">2021-03-12</subfield>
    <subfield code="e">Forward Books</subfield>
    <subfield code="g">105.00</subfield>
    <subfield code="i">11378</subfield>
    <subfield code="l">0</subfield>
    <subfield code="o">174.4 AGA/CHA B21337</subfield>
    <subfield code="p">HIMR-BK-21337</subfield>
    <subfield code="r">2023-01-25 00:00:00</subfield>
    <subfield code="v">78.75</subfield>
    <subfield code="w">2021-03-12</subfield>
    <subfield code="y">BK</subfield>
    <subfield code="z">B21337</subfield>
  </datafield>
  <datafield tag="952" ind1=" " ind2=" ">
    <subfield code="0">0</subfield>
    <subfield code="1">0</subfield>
    <subfield code="4">0</subfield>
    <subfield code="7">0</subfield>
    <subfield code="a">HIMR</subfield>
    <subfield code="b">HIMR</subfield>
    <subfield code="d">2021-03-12</subfield>
    <subfield code="e">Forward Books</subfield>
    <subfield code="g">105.00</subfield>
    <subfield code="i">11378</subfield>
    <subfield code="l">0</subfield>
    <subfield code="o">174.4 AGA/CHA B21338</subfield>
    <subfield code="p">HIMR-BK-21338</subfield>
    <subfield code="r">2023-01-25 00:00:00</subfield>
    <subfield code="v">78.75</subfield>
    <subfield code="w">2021-03-12</subfield>
    <subfield code="y">BK</subfield>
    <subfield code="z">B21338</subfield>
  </datafield>
  <datafield tag="952" ind1=" " ind2=" ">
    <subfield code="0">0</subfield>
    <subfield code="1">0</subfield>
    <subfield code="4">0</subfield>
    <subfield code="7">0</subfield>
    <subfield code="a">HIMR</subfield>
    <subfield code="b">HIMR</subfield>
    <subfield code="d">2021-03-12</subfield>
    <subfield code="e">Forward Books</subfield>
    <subfield code="g">105.00</subfield>
    <subfield code="i">11378</subfield>
    <subfield code="l">0</subfield>
    <subfield code="o">174.4 AGA/CHA B21339</subfield>
    <subfield code="p">HIMR-BK-21339</subfield>
    <subfield code="r">2023-01-25 00:00:00</subfield>
    <subfield code="v">78.75</subfield>
    <subfield code="w">2021-03-12</subfield>
    <subfield code="y">BK</subfield>
    <subfield code="z">B21339</subfield>
  </datafield>
  <datafield tag="952" ind1=" " ind2=" ">
    <subfield code="0">0</subfield>
    <subfield code="1">0</subfield>
    <subfield code="2">ddc</subfield>
    <subfield code="4">0</subfield>
    <subfield code="7">3</subfield>
    <subfield code="a">HIMR</subfield>
    <subfield code="b">HIMR</subfield>
    <subfield code="d">2021-03-12</subfield>
    <subfield code="e">Forward Books</subfield>
    <subfield code="g">105.00</subfield>
    <subfield code="i">11378</subfield>
    <subfield code="m">2</subfield>
    <subfield code="o">174.4 AGA/CHA B21340</subfield>
    <subfield code="p">HIMR-BK-21340</subfield>
    <subfield code="r">2024-08-31 00:00:00</subfield>
    <subfield code="v">78.75</subfield>
    <subfield code="w">2021-03-12</subfield>
    <subfield code="y">BK</subfield>
    <subfield code="z">B21340</subfield>
  </datafield>
</record>
